<?xml version="1.0" encoding="UTF-8"?>
<collection xmlns="http://www.loc.gov/MARC21/slim">
  <record>
    <leader>00000nam  2200000   4500</leader>
    <controlfield tag="001">INLIS000000000044977</controlfield>
    <datafield tag="990" ind1="#" ind2="#">
      <subfield code="a">21418472</subfield>
    </datafield>
    <controlfield tag="005">20141208140137.0</controlfield>
    <datafield tag="990" ind1="#" ind2="#">
      <subfield code="a">21418473</subfield>
    </datafield>
    <controlfield tag="006"/>
    <datafield tag="990" ind1="#" ind2="#">
      <subfield code="a">21418474</subfield>
    </datafield>
    <controlfield tag="007"/>
    <datafield tag="990" ind1="#" ind2="#">
      <subfield code="a">21418475</subfield>
    </datafield>
    <controlfield tag="008">                                        </controlfield>
    <datafield tag="990" ind1="#" ind2="#">
      <subfield code="a">21418476</subfield>
    </datafield>
    <datafield tag="020" ind1="#" ind2="#">
      <subfield code="a">978-602-8872-00-3</subfield>
    </datafield>
    <datafield tag="035" ind1="#" ind2="#">
      <subfield code="0">010-121400000000127</subfield>
    </datafield>
    <datafield tag="040" ind1="#" ind2="#">
      <subfield code="a">NBPDMAT</subfield>
    </datafield>
    <datafield tag="082" ind1="#" ind2="#">
      <subfield code="a">590</subfield>
    </datafield>
    <datafield tag="090" ind1="#" ind2="#">
      <subfield code="a">590</subfield>
      <subfield code="b">Qur e</subfield>
    </datafield>
    <datafield tag="100" ind1="#" ind2="#">
      <subfield code="a">Quratulaini</subfield>
    </datafield>
    <datafield tag="245" ind1="#" ind2="#">
      <subfield code="a">Ensiklopedia pengetahuan :</subfield>
      <subfield code="b">Seri hewan &amp; sekitar kita /</subfield>
      <subfield code="c">Quratulaini ; editor, Taufik Hendra</subfield>
    </datafield>
    <datafield tag="260" ind1="#" ind2="#">
      <subfield code="a">Jakarta :</subfield>
      <subfield code="b">Multazam Muliya Utama,</subfield>
      <subfield code="c">2012</subfield>
    </datafield>
    <datafield tag="300" ind1="#" ind2="#">
      <subfield code="a">vi, 90 hlm. :</subfield>
      <subfield code="b">ilus. ;</subfield>
      <subfield code="c">29 cm.</subfield>
    </datafield>
    <datafield tag="500" ind1="#" ind2="#">
      <subfield code="a">Bibliografi : hlm. 90</subfield>
    </datafield>
    <datafield tag="650" ind1="#" ind2="#">
      <subfield code="a">Binatang</subfield>
    </datafield>
    <datafield tag="700" ind1="#" ind2="#">
      <subfield code="a">Taufik Hendra</subfield>
    </datafield>
    <datafield tag="850" ind1="#" ind2="#">
      <subfield code="a">NBPDMAT</subfield>
    </datafield>
  </record>
</collection>
